Pays traversés par l'équateur - Statistiques

Statistiques générales
  • Ce quiz a été pris 111 fois
  • Le résultat moyen est 11 sur 13
Réponses sur la Carte
Les réponses sont colorées sur une échelle allant du rouge au vert en fonction du pourcentage des utilisateurs qui les ont devinées à leur premier essai. Vous pouvez retrouver ces pourcentages ci-dessous.
 
Statistiques - réponses
Réponse % Correct
Brésil
99%
Équateur
99%
Indonésie
97%
Colombie
96%
République démocratique du Congo
95%
République du Congo
93%
Kenya
88%
Somalie
84%
Gabon
80%
Ouganda
76%
Maldives
71%
Kiribati
65%
Sao Tomé-et-Principe
61%
Aucun quiz correspondant
Distribution des résultats
% des personnes avec chaque résultat
Percentile par nombre de réponses
Votre historique - résultats
Vous n’avez pas pris ce quiz